000 01360cam a22002535a 4500
001 L138717
002 16718
008 070704s2007 xxk f 000 0 eng d
020 _a9781842193297
035 _a(Sirsi) u138717
041 0 _aeng
050 0 4 _a333.332 $2 18
110 2 _aRoyal Institution of Chartered Surveyors
_bValuation Faculty
_94354
245 0 4 _aThe depreciated replacement cost method of valuation for financial reporting
_h[electronic resource]
260 _aLondon
_bRICS
_c2007
490 0 _aRICS Valuation Information Paper
_v(10)
520 _aThis was incorporated into the Red Book in 2011. Effective from April 2006 utill February 2012.
520 _aProvides supplementary information on the use of the Depreciated Replacement Cost approach (DRC) or Cost Approach. Highlights the reporting requirements in the RICS Appraisal and Valuation Standards which are most appropriate to this approach. Covers valuer qualifications, terms of engagement, site value of specialised properties, building costs and the assessment of replacement and depreciation.
590 _aKA
651 4 _aEngland and Wales
_y1543-
690 _aPROPERTY-PROPERTY VALUATION AND APPRAISAL
856 4 0 _uhttps://www.rics.org/Global/Downloads/VIP10_for_online.pdf
_zView this item (members-only content) free of charge at www.rics.org...
942 _n0
999 _c107237
_d107237